000 00538nam a2200181Ia 4500
005 20250508164952.0
008 008 250505s9999 xx 000 0 hin d
037 _aTextBook
040 _aFEDL
_beng
_cFEDL
041 _ahin
_2eng
084 _a491.2, NCE/R
_qFEDL
245 0 _aRuchira: Trityo bhag: Ashthamvergya sanskrit patthya pushtakam. 2 Vol.
245 0 _cNCERT
260 _aDehradun, India
_bKendriya Braille Press
_c2008
546 _aBraille books
942 _cTB
_h491.2, NCE/R
999 _c1392365
_d1392365